000 00380nam a22001337a 4500
020 _a978-81-317-2843-7
082 _a530
_bTRI/D
100 _aTRISHNA KNOWLEDGE SYSYTEMS
245 _aTHRISHNA'S PHYSICS FOR CLASS X
_bTHE IIT FOUNDATION SERIES
260 _aDELHI
_bPEARSON EDUCATION
_c2009
300 _a577
650 _aPHYSICS IIT FOUNDATION SERIES FOR CLASS X
_zINDIA
942 _cBK
999 _c773
_d773